| 000 | 00544nam a2200157 a 4500 | ||
|---|---|---|---|
| 001 | 000032912 | ||
| 005 | 20240229073830.0 | ||
| 008 | 110801s1939 dr 000 0 spa d | ||
| 040 |
_aDO-SdBNP _bspa _cBNPHU |
||
| 082 | _aH519b | ||
| 100 | 1 |
_aHenríquez i Carvajal, Federico, _d1848-1952 _97792 |
|
| 245 | 1 | 0 |
_aBaní, parcela histórica de su vida en la villa i en el valle / _cFederico Henríquez i Carvajal. |
| 260 |
_aCiudad Trujillo, República Dominicana : _bImprenta J. R. Vda García, _c1939. |
||
| 300 |
_a56 p. ; _c24 cm. |
||
| 049 | _aBNPD | ||
| 999 |
_c32403 _d32403 |
||